| 000 | 004450000a22001690004500 | ||
|---|---|---|---|
| 003 | MACL | ||
| 005 | 20151229152716.0 | ||
| 008 | 151229b xxu||||| |||| 00| 0 eng d | ||
| 040 |
_aMACL _cMACL |
||
| 041 | _aEnglish | ||
| 082 | _a294.4/PAD | ||
| 100 |
_aPadmarajiah, Dr Y J _924070 |
||
| 245 | _aJaina Theories of Reality and Knowledge | ||
| 260 |
_bJain Sahitya Vikas Mandal _c1963 |
||
| 650 |
_aReligion _924071 |
||
| 942 |
_cBK _k294.4/Pad _2ddc |
||
| 999 |
_c36027 _d36027 |
||